Le Final 4 de l'Europa League depuis 2000/2001 - Statistiques

Statistiques générales
  • Ce quiz a été pris 481 fois
    66 depuis la dernière actualisation
  • Le résultat moyen est 72 sur 104
Statistiques - réponses
Année Club Place Coach % Correct
Olympique de Marseille 2 José Anigo
98%
Olympique de Marseille 2 Rudi Garcia
98%
Olympique de Marseille 3a Jean-Louis Gasset
98%
Arsenal FC 3a Arsène Wenger
97%
Arsenal FC 2 Unai Emery
97%
Arsenal FC 3a Mikel. Arteta
97%
Olympique Lyonnais 3b Bruno Génésio
97%
Manchester United 2 Ruben Amorim
95%
2006 Séville FC 1 Juande Ramos
95%
2007 Séville FC 1 Juande Ramos
95%
2014 Séville FC 1 Unai Emery
95%
2015 Séville FC 1 Unai Emery
95%
2016 Séville FC 1 Unai Emery
95%
2020 Séville FC 1 Julen Lopetegui
95%
Séville FC 1 José-Luis Mendilibar
95%
2010 Atlético Madrid 1 Quique Sánchez Flores
93%
2012 Atlético Madrid 1 Diego Simeone
93%
2018 Atlético Madrid 1 Diego Simeone
93%
2013 Chelsea FC 1 José Mourinho
93%
2019 Chelsea FC 1 Antonio Conte
93%
2026 Aston Villa ... Unai Emery
92%
2024 Atalanta Bergame 1 Gianpiero Gasperini
92%
2001 Liverpool FC 1 Gérard Houiller
92%
Liverpool FC 3a Brendan Rodgers
92%
Liverpool FC 2 Jürgen Klopp
92%
Bayer Leverkusen 2 Xabi Alonso
90%
2017 Manchester United 1 José Mourinho
90%
Manchester United 3a Ole-Gunnar Solskjaer
90%
Manchester United 2 Ole-Gunnar. Solkjaer
90%
Manchester United 3a Erik Ten Hag
90%
2025 Tottenham Hotspurs 1 Ange Postecoglou
90%
Ajax Amsterdam 2 Erik Ten Hag
88%
Inter Milan 3a Héctor Cúper
88%
Inter Milan 2 Simone Inzaghi
88%
Juventus Turin 3b Massimiliano Allegri
88%
2023 Juventus Turin 2 Massimiliano Allegri
88%
SL Benfica 3b Jorge Jesus
88%
SL Benfica 2 Jorge Jesus
88%
SL Benfica 2 Jorge Jesus
88%
2003 FC Porto 1 José Mourinho
86%
2011 FC Porto 1 André Villas-Boas
86%
2004 Valence CF 1 Rafael Benítez
86%
Valence CF 3a Unai Emery
86%
Valence CF 3a Juan Antonio Pizzi
86%
Valence CF 3b Marcelino
86%
Borussia Dortmund 2 Mathias Sammer
85%
AC Milan 3b Fatih Terim
83%
AZ Alkmaar 3b Co Adriaanse
81%
AS Roma 3b Paulo. Fonseca
78%
SC Braga ... Carlos Vicens
78%
Sporting Braga 2 Domingos Paciência
78%
2002 Feyenoord Rotterdam 1 Bert an Marwijk
76%
Feyenoord Rotterdam 3b Arne Slot
76%
SSC Napoli 3b Rafael Benítez
76%
Athletic Bilbao 2 Joaquin Caparrós
75%
Athletic Bilbao 3b Ernesto Valverde
75%
RB Leipzig 3b Marco Rose
73%
Sporting Portugal 2 José Peseiro
73%
Sporting Portugal 3b Domingos Paciência
73%
SS Lazio Roma 3a Roberto Mancini
73%
Eintracht Frankfurt 3a Adi Hütter
69%
2022 Eintracht Frankfurt 1 Oliver. Glasner
69%
West Ham United 3a David Moyes
69%
FC Bayern Munich 3a Ottmar Hitzfeld
68%
Rangers Glasgow 2 Walter Smith
66%
Rangers Glasgow 2 Giovanni van Bronckhorst
66%
Villarreal CF 3a Benito Floro
66%
Villarreal CF 3a Juan Carlos Garrido
66%
Villarreal CF 3b Marcelino
66%
2021 Villarreal CF 1 Unai Emery
66%
2009 Shakhtar Donetsk 1 Mircea Lucescu
64%
Shakhtar Donetsk 3a Mircea Lucescu
64%
Shakhtar Donetsk 3b Luis Castro
64%
AS Roma 3b José Mourinho
63%
AC Fiorentina 3b Cesare Prandelli
58%
AC Fiorentina 3a Vincenzo Montella
58%
Celtic Glasgow 2 Michael O'Neill
58%
Dynamo Kiev 3a Yuriy Semin
53%
Fenerbahçe 3b Aykut Kocaman
51%
Newcastle United 3b Sir Bobby Robson
51%
Nottingham Forest ... Vitor Pereira
51%
SC Fribourg ... Julian Schuster
51%
2008 Zénith Saint-Petersbourg 1 Dick Advocaat
47%
FK Bodø/Glimt 3a Kjetill Knudsen
42%
Werder Brême 3b Thomas Schaaf
42%
Werder Brême 2 Thomas Schaaf
42%
2005 CSKA Moscou 1 Artur Jorge
41%
Hambourg SV 3b Martin Jol
39%
Hambourg SV 3b Bruno Labbadia
39%
RB Salzbourg 3b Marco Rose
39%
FC Bâle 3a Murat Yakin
34%
Schalke 04 3a Ralf Rangnick
34%
Celta Vigo 3a Eduardo Berizzo
32%
Dnipro Dnipropetrovsk 2 Myron Markevych
27%
FC Fulham 2 Roy Hodgson
27%
Deportivo Alavés 2 José-Manuel Esnal
22%
Espanyol Barcelone 2 Ernesto Valverde
19%
FC Barcelone 3a Carles Rexach
17%
Middlesbrough 2 Steve McClaren
12%
Osasuna 3a Cuco Ziganda
10%
Parma 3a Fabio Pecchia
10%
FC Kaiserslautern 3b Otto Rehhagel
8%
FC Steaua Bucarest 3b Oleh Protasov
7%
FC Boavista 3b Jaime Pacheco
5%
Aucun quiz correspondant
Distribution des résultats
% des personnes avec chaque résultat
Percentile par nombre de réponses
Votre historique - résultats
Vous n’avez pas pris ce quiz depuis la dernière actualisation